000 00302nam a22001337a 4500
008 171215b xxu||||| |||| 00| 0 eng d
020 _a2900781753783
041 _aeng
080 _26TH
_a610.73
100 _a2
101 _aINF
245 _aAPPLYING NURSING PROCESS
_cLEFEVRE,R.A
942 _2udc
_cBK
999 _c38985
_d38985